| 000 | 00418nam a2200205Ia 4500 | ||
|---|---|---|---|
| 001 | 11593 | ||
| 003 | GE_BSU | ||
| 008 | 181216s||||||||xx |||||||||||||| ||und|| | ||
| 020 | _a9780316732307 | ||
| 040 | _cGE_BSU | ||
| 080 | _a821.111-32 | ||
| 100 | _aStegel,James. | ||
| 245 | _aDeceit. | ||
| 260 | _aLondon | ||
| 260 | _bSphere. | ||
| 260 | _c2006. | ||
| 300 | _a369p;24cm. | ||
| 653 | _aDeceit. | ||
| 942 | _cBK | ||
| 999 |
_c44788 _d44788 |
||